|
|
|
|
| LEADER |
01455nam a22003372a 4500 |
| 001 |
000210714 |
| 003 |
CZ BrMZK |
| 005 |
20191030070418.0 |
| 007 |
ta |
| 008 |
970103s1990 xo e p slo d |
| 040 |
|
|
|a BOA001
|b cze
|
| 072 |
|
7 |
|a 519.1/.8
|x Kombinatorika. Teorie grafů. Matematická statistika. Operační výzkum. Matematické modelování
|2 Konspekt
|9 13
|
| 072 |
|
7 |
|a 37.016
|x Učební osnovy. Vyučovací předměty. Učebnice
|2 Konspekt
|9 22
|
| 080 |
|
|
|a 519.8
|2 MRF
|
| 080 |
|
|
|a 303.732.4
|2 MRF
|
| 080 |
|
|
|a (075.8)
|2 MRF
|
| 100 |
1 |
|
|a Slamková, Eva
|7 mzk2005317824
|4 aut
|
| 245 |
1 |
0 |
|a Operačná a systémová analýza :
|b návody na cvičenia /
|c Eva Slamková
|
| 250 |
|
|
|a 1. vyd.
|
| 260 |
|
|
|a Bratislava :
|b Alfa,
|c 1990
|
| 300 |
|
|
|a 177 s.
|
| 504 |
|
|
|a Obsahuje bibliografie
|
| 550 |
|
|
|a Vydavatel: Vysoká škola dopravná a spojov v Žiline, Fakulta strojnícka a elektrotechnícka
|
| 650 |
0 |
7 |
|a operační výzkum
|7 ph115594
|2 czenas
|
| 650 |
0 |
7 |
|a systémová analýza
|7 ph116372
|2 czenas
|
| 655 |
|
7 |
|a učebnice vysokých škol
|7 fd133772
|2 czenas
|
| 710 |
2 |
|
|a Vysoká škola dopravná v Žiline.
|b Strojnícka a elektrotechnická fakulta
|7 ko2004231770
|
| 910 |
|
|
|a BOA001
|b TK-A-0243.466
|b 4-0953.132
|
| 990 |
|
|
|a BK
|
| 996 |
7 |
|
|b 2619340014
|c 4-0953.132
|l MZK
|r Sklad / do 1 hodiny
|n 2
|w 000210714
|u 000020
|a 1
|e BOA001
|j MZK50
|s A
|
| 996 |
7 |
|
|b 2629994575
|c TK-A-0243.466
|l MZK
|r Sklad / do 24 hodin
|n 3
|w 000210714
|u 000010
|a 1
|e BOA001
|j MZK50
|s A
|